00600nam a2200193Ia 4500008004100000020001500041082001400056100002100070245002500091250000800116260004000124300002600164500000700190600002100197650005000218942000700268952011600275999001500391240925s9999 xx 000 0 und d a817808497X a005.1 SOM aSommerville, Ian 0aSoftware Engineering a6th aIndiana:bPearson Educationc,2001. ax,662p.bNAfOriginal aNA aComputer Science aComputer science, information & general works cBK 001040708SEaUITUbUITUd2003-01-08eF.B.Cg700.00l0o005.1 SOMpQ5118r2024-09-25 07:13:44w2024-09-25yBK c7617d7617